The social consequences of genetic testing

محفوظ في:
التفاصيل البيبلوغرافية
التنسيق: كتاب
اللغة:Undetermined
منشور في: Netherland Netherlands Scientific Council for Goverment Policy 1988
الموضوعات:
الوسوم: إضافة وسم
لا توجد وسوم, كن أول من يضع وسما على هذه التسجيلة!
Thư viện lưu trữ: Trung tâm Học liệu Trường Đại học Cần Thơ
LEADER 00501nam a2200169Ia 4500
001 CTU_78656
008 210402s9999 xx 000 0 und d
082 |a 576.5 
082 |b S678/Vol.64 
245 4 |a The social consequences of genetic testing 
245 0 |c H. Rigter ... [et al.] 
260 |a Netherland 
260 |b Netherlands Scientific Council for Goverment Policy 
260 |c 1988 
650 |a Genetics 
650 |z Netherlands 
980 |a Trung tâm Học liệu Trường Đại học Cần Thơ